Sports Quiz

Random Sports Quiz

Florida Marlins home run leaders Quiz Stats

 Plays Quiz not verified by Sporcle

Challenge
Share
Tweet
Embed
Score 0/141 Timer 15:00
0 Plays Today
Tenure Player % Correct
06-10Hanley Ramirez
95.3%
06-10Dan Uggla
91.4%
93-98Gary Sheffield
88.3%
99-05Mike Lowell
87.1%
94-98, 01-02Charles Johnson
86.7%
05-10Josh Johnson
86.7%
03-07Miguel Cabrera
85.9%
09Nick Johnson
85.9%
93-97, 03-05Jeff Conine
77.7%
98-05Alex Gonzalez
72.7%
03Ivan Rodriguez
72.7%
08Luis Gonzalez
72.7%
00Henry Rodriguez
71.9%
96-05Luis Castillo
71.5%
98-03Derrek Lee
70.3%
98-02Preston Wilson
65.6%
96-98Edgar Renteria
65.2%
03-05Juan Pierre
64.5%
93-94Rich Renteria
64.5%
03-07Dontrelle Willis
59%
08-10Jorge Cantu
58.2%
06-10Cody Ross
57.8%
06-08Mike Jacobs
56.6%
08-10Gaby Sanchez
56.6%
97-98Bobby Bonilla
55.9%
97Moises Alou
55.5%
05Carlos Delgado
55.1%
97-2002Cliff Floyd
53.1%
05-09Jeremy Hermida
52.7%
01-05Josh Beckett
52.7%
04-08Josh Willingham
52%
00Mark Smith
51.2%
00Brant Brown
50.4%
99-05A.J. Burnett
48.4%
97-99Craig Counsell
47.7%
08-10John Baker
47.3%
08-10Cameron Maybin
46.5%
96-99Livan Hernandez
46.5%
96-97Devon White
46.1%
09-10Emilio Bonifacio
46.1%
04-05, 08Paul Lo Duca
41.8%
02-05Juan Encarnacion
39.8%
09-10Chris Coghlan
39.8%
98Ryan Jackson
38.7%
93-95Chuck Carr
37.1%
06-07Miguel Olivo
36.3%
06-10Wes Helms
35.2%
Tenure Player % Correct
98-04Mike Redmond
35.2%
04-08Matt Treanor
35.2%
97Darren Daulton
34%
00-04Brad Penny
34%
06-10Ricky Nolasco
34%
98-02Kevin Millar
32.8%
97, 99-00Alex Fernandez
32.8%
93-94Orestes Destrade
32%
09-10Ronny Paulino
32%
93-94Benito Santiago
29.3%
02-04Carl Pavano
29.3%
04Hee-Seop Choi
28.5%
97-00Mark Kotsay
27.7%
93Walt Weiss
27.3%
97-98Jim Eisenreich
26.6%
95-96Andre Dawson
26.2%
03-05Lenny Harris
24.6%
06-09Alfredo Amezaga
24.2%
93-94Bret Barberie
23.8%
00-03Andy Fox
23.4%
99-04Ramon Castro
22.3%
07Aaron Boone
21.9%
03Todd Hollandsworth
21.1%
95-96Quilvio Veras
20.7%
94-97Kurt Abbott
19.1%
06-07Reggie Abercrombie
19.1%
98Todd Zeile
18.8%
09-10Brett Hayes
18.4%
09Ross Gload
18%
93-94Dave Magadan
18%
95-96Terry Pendleton
17.2%
97-99Todd Dunwoody
16.8%
10Mike Stanton
16.8%
99-03Vladimir Nunez
16.4%
02, 04Abraham Nunez
16.4%
93-97Alex Arias
16%
96-98Gregg Zaun
16%
94-96Greg Colbrunn
15.2%
01-02Eric Owens
15.2%
99Amaury Garcia
15.2%
93-97Pat Rapp
13.7%
06-07Joe Borchard
12.9%
93Junior Felix
12.1%
93-96, 98Chris Hammond
12.1%
02Tim Raines Sr.
12.1%
02-05Mike Mordecai
11.7%
94-95Jerry Browne
11.3%
Tenure Player % Correct
93-94Carl Everett
11.3%
10Logan Morrison
11.3%
04-05Damion Easley
10.9%
98-01Dave Berg
10.5%
98-99Kevin Orie
10.2%
07-10Brett Carroll
10.2%
97-98John Cangelosi
9.8%
93-97Bob Natal
9.4%
08Mike Rabelo
9%
99-00Danny Bautista
8.6%
95Tommy Gregg
8.2%
99Bruce Aven
7.4%
10Brett Hayes
7.4%
02-03Brian Banks
7%
97Tony Saunders
7%
93-95Darrell Whitmore
6.6%
93Henry Cotto
6.6%
10Brad Davis
6.6%
99Jorge Fabregas
6.3%
05-08Robert Andino
6.3%
94-95Mario Diaz
6.3%
97Dennis Cook
6.3%
01John Mabry
5.9%
06-08Jason Wood
5.9%
93, 95Steve Decker
5.9%
93Greg Briley
5.9%
94-96Jesus Tavarez
5.9%
04Wil Cordero
5.1%
98Randy Knorr
4.7%
93-96, 04David Weathers
4.7%
96Joe Orsulak
4.3%
96Craig Grebeck
4.3%
04-06Chris Aguila
3.5%
94Ron Tingley
3.5%
93Mitch Lyden
3.1%
99-00Chris Clapinski
3.1%
10Chad Tracy
3.1%
07Todd Linden
2.7%
05Joe Dillon
2.3%
10Donnie Murphy
2.3%
94-97Russ Morman
2%
99, 02-04Michael Tejera
2%
01Ryan McGuire
2%
96-97Mark Hutton
2%
00-01Jason Grilli
2%
99Tim Hyers
1.6%
10Hector Luna
0.8%

You're not logged in!

Compare scores with friends on all Sporcle quizzes.
Join for Free
OR
Log In

You Might Also Like...

Show Comments

Extras

Top Quizzes Today


Score Distribution

Your Account Isn't Verified!

In order to create a playlist on Sporcle, you need to verify the email address you used during registration. Go to your Sporcle Settings to finish the process.

Report this User

Report this user for behavior that violates our Community Guidelines.

Details: